Costa Rica: la iglesia católica y el orden social

Gorde:
Xehetasun bibliografikoak
Egile nagusia: Opazo Bernales, Andrés
Formatua: Texto
Argitaratua: San José: DEI
Etiketak: Etiketa erantsi
Etiketarik gabe, Izan zaitez lehena erregistro honi etiketa jartzen!

MARC

LEADER 00000 a a2200000 04500
001 24690
003
040 |a CRAI/IIS  |c CRAI/IIS 
020 |a 9977-904-41-3  
090 |a 173200  
100 |a Opazo Bernales, Andrés  
245 |a Costa Rica: la iglesia católica y el orden social  
260 |a San José:   |b DEI  
300 |a 224 p.  
999 |c 15078  |d 15078